00281nam a22001217a 4500020001400000082001700014245001700031250000800048260003000056300002800086526003700114650000800151 a670482242 a629.226bMOB aMobile Homes a1st aNew YorkbGrossman c1975 axv, 220. P:bill.c22cm a0b0c0d629_226000000000000_MOB aMCE